Ciąg Fibonacciego - 20 sekund sprint - Statystyki

Ogólne statystyki
  • Ten quiz został rozwiązany 154 razy
  • Średni wynik to 7 z 30
Statystyki odpowiedzi
Liczba nr Ciąg Fibonacciego % Poprawnych
1 1
100%
2 1
100%
3 3
92%
4 5
88%
5 8
80%
6 13
67%
7 21
55%
8 34
40%
9 55
33%
10 89
19%
11 144
4%
12 233
2%
13 377
2%
16 1597
1%
14 610
1%
15 987
1%
20 10946
0%
25 121393
0%
30 1346269
0%
21 17711
0%
26 196418
0%
17 2584
0%
22 28657
0%
27 317811
0%
18 4181
0%
23 46368
0%
28 514229
0%
19 6765
0%
24 75025
0%
29 832040
0%
Nie znaleziono quizów pasujących do podanych kryteriów
Rozkład punktacji
Procent ludzi z każdym wynikiem
Percentyl według liczby udzielonych odpowiedzi
Twoja historia wyników
Nie rozwiązałeś tego quizu